=LDR 00000nam 2200000 4500 =001 NUTBA000000000003154 =005 20140725110614.0 =006 =007 =008 =035 ##$$a 0010-071400000000342 =082 ##$$a 297.384 4 =090 ##$$a 297.384 4 $b Ern b =100 ##$$a Erna M.S. =245 ##$$a Berdoa untuk kedua orang tua $b Praying for parents $c Erna M.S. =260 ##$$a Bekasi $b Ammar Kidz $c 2010 =300 ##$$a 24 hlm $b ilus $c 20 cm =850 ##$$a NBPBMAT